00000000nam##2200000za#4500
0019.616083
003CaOODSP
00520210615101419
007ta
008150406|2002||||xxc|||||     f|0| 0 eng|d
020 |a0-662-32816-7
040 |aCaOODSP|beng
043 |an-cn---
0861 |aNE22-5/2002-1E
1101 |aCanada. |bNational Energy Board.
24510|aWestcoast Energy Inc. settlement for 2002 and 2003 tolls
260 |bNational Energy Board |c2002.
300 |ai, 28p. : |btables ; |c28 cm.
4901 |aDecision and order
5203 |aThis document is a decision and order of the National Energy Board, an independent tribunal with responsibilities for regulating the oil, gas, and electricity industries. The Board seeks to protect public safety, safeguard the environment, and promote economic efficiency. Its decisions affect the industry, energy consumers, and anyone who owns land or lives in the vicinity of pipeline and international power line rights-of-way.
563 |aSoftcover
590 |a03-35|b2003-08-29
69007|aPipelines|2gcpds
69007|aPetroleum|2gcpds
69007|aLaw|2gcpds
77508|tWestcoast Energy Inc. - règlement visant les droits de 2002-2003 |w(CaOODSP)9.626010
7760#|tDecision and order in the matter of Westcoast Energy Inc. settlement for 2002 and 2003 tolls |w(CaOODSP)9.572688
830#0|aDecision and order.|w(CaOODSP)9.514805